O jogo da Amarelinha (Record no. 178)

MARC details
000 -LÍDER
campo de controle de tamanho fixo 02055nam a2200325 4500
001 - NÚMERO DE CONTROLE
campo de controle 178
003 - IDENTIFICADOR DO NÚMERO DE CONTROLE
campo de controle OSt
005 - DATA E HORÁRIO DA ÚLTIMA TRANSAÇÃO
campo de controle 20250528074014.0
008 - CAMPO DE DADOS FIXOS--INFORMAÇÃO GERAL
campo de controle de tamanho fixo 250130b |||||||e |||| 00| 1 eng d
040 ## - FONTE DA CATALOGAÇÃO
Idioma da catalogação por
041 ## - CÓDIGO DE IDIOMA
Código do idioma do original e/ou traduções intermediárias do texto spa
Código do idioma do texto/trilha sonora ou título diferente por
082 ## - CDD - CLASSIFICAÇÃO DECIMAL DE DEWEY
Número de Classificação ar860
Número do exemplar C827j
100 1# - ENTRADA PRINCIPAL--NOME PESSOAL
Nome pessoal Cortazar, Julio,
Datas associadas ao nome 1914-1984.
9 (RLIN) 333
240 ## - TÍTULO UNIFORME
Título uniforme Rayuela
245 ## - TÍTULO
Título O jogo da Amarelinha
Restante do título Volume II /
Indicação de responsabilidade, etc. Cortázar, Julio ; Tradução de Fernando de Castro Ferro
260 ## - PUBLICAÇÃO, DISTRIBUIÇÃO, ETC.
Local de publicação, distribuição, etc. São Paulo
Nome do editor, distribuidor, etc. Abril
Data da publicação, distribuição, etc. 1985
300 ## - DESCRIÇÃO FÍSICA
Extensão 291 p.
490 1# - TÍTULO DA SÉRIE
Título da série Grandes Romancistas
520 ## - NOTA DE RESUMO, ETC.
Resumo, etc. O Jogo da Amarelinha (no original, Rayuela) é um romance escrito por Julio Cortázar em 1963, considerado a obra máxima do autor que, ao lado de Jorge Luis Borges, é o principal representante da literatura argentina, ambos marcados pelas obras extremamente criativas e originais.<br/><br/>O assunto principal do livro não são os personagens, por sinal muito bem trabalhados, com capítulos sobre seus cacoetes, suas manias e suas vidas. O assunto principal é o próprio livro. Nas palavras do próprio autor, "esse livro é muitos livros, mas é, sobretudo, dois livros". O leitor pode começar do capítulo 1 e ir até o 56, tendo assim uma bem construída história sobre um triângulo amoroso. Ou pode optar por começar no capítulo 73, e começar a seguir a ordem indicada por Cortázar. Escolhendo a segunda opção, o leitor verá os acontecimentos de Maga, Oliveira, o Clube da Serpente e o narrador, e depois pode ler citações de grandes autores, textos debatendo a literatura atual, artigos sobre os personagens, desvarios, recortes de um texto maior. Tudo misturado, pulando capítulos para depois voltar aos mesmos, como se fosse um jogo da amarelinha.
650 #0 - ASSUNTO--TERMO TÓPICO
Cabeçalho tópico ou nome geográfico Literatura argentina
9 (RLIN) 90
650 #0 - ASSUNTO--TERMO TÓPICO
Cabeçalho tópico ou nome geográfico Amor e Paixão
9 (RLIN) 25
650 #0 - ASSUNTO--TERMO TÓPICO
Cabeçalho tópico ou nome geográfico Grandes Amizades
9 (RLIN) 28
650 #0 - ASSUNTO--TERMO TÓPICO
Cabeçalho tópico ou nome geográfico Drama
9 (RLIN) 18
650 #0 - ASSUNTO--TERMO TÓPICO
Cabeçalho tópico ou nome geográfico Clássicos
9 (RLIN) 77
655 #0 - TERMO DE ÍNDICE--GÊNERO E FORMA
Gênero/forma/ou termo foco Romance
655 #0 - TERMO DE ÍNDICE--GÊNERO E FORMA
Gênero/forma/ou termo foco Ficção
700 ## - ENTRADA ADICIONADA - NOME PESSOAL
Nome pessoal Fernando de Castro Ferro
Função do autor por extenso Tradutor
9 (RLIN) 334
830 ## - ENTRADA SECUNDÁRIA DE SÉRIE--TÍTULO UNIFORME
Título uniforme Grandes Romancistas
9 (RLIN) 126
942 ## - ELEMENTOS DE ENTRADA ADICIONADOS (KOHA)
Fonte de classificação ou esquema de arquivamento Classificação decimal de Dewey
Ocultar no OPAC Não
Tipo de material Koha Livros
Holdings
Situação do descarte Situação das perdas Fonte de classificação ou esquema de arquivamento Materiais especificados (volume encadernado ou outra parte) Status danificado Não pode ser emprestado Coleção Biblioteca de origem Biblioteca atual Localização na estante Data de aquisição Fonte de aquisição Total de empréstimos Número de chamada completo Código de barras Data de último acesso Data do preço efetivo Tipo de material Koha
    Classificação decimal de Dewey vol. 02     Ficção Biblioteca Professor Eduardo Afonso de Castro Biblioteca Professor Eduardo Afonso de Castro Literatura Estrangeira 29.03.2001 doação   ar860 / C827j 2025-11609 30.01.2025 30.01.2025 Livros

Powered by Koha